Responses for show #4417 - Tuesday, November 18, 2003

2003 College Championship semifinal game 2.
From Yale University.

Contestants

[<< previous game]

Ken Basin, a junior at the University of Southern California from Huntington Beach, California

Jim Fitzpatrick, a senior at Wake Forest University from Colts Neck, New Jersey

Keith Williams, a freshman at Middlebury College from Manchester, Vermont

[next game >>]

Jeopardy! Round responses

BARBER COLLEGE
GIVE ME ONE GOOD RAISIN
AMERICAN HISTORY
MOVIE TAGLINES
I'LL BE BACH
"T"3
(Alex: "T' cubed or "T" 3; there will be 3 "T"s in each correct response.)
    $200 16
(Jim: What is sanitation...certificate?)
(Alex: We'll accept that; sanitation regulations & your barber's license also must be posted prominently.)

your barber's license

Jim
    $200 1
Kellogg's

Ken
    $200 7
a chicken

Keith
    $200 2
Star Wars

Keith
    $200 26
Germany

Ken
    $200 20
testaments

Ken
    $400 17
(Keith: What is shampooing?)
(Alex: Shampooing or shaving, either one.)

shaving

Keith
    $400 12
the Crusades

Keith
    $400 8
Alexander Hamilton & Aaron Burr

Jim
    $400 3
Jaws

Jim
    $400 27
(Ken: What is tea?)

coffee

KeithKen
    $400 22
the Constitution

Ken
    $600 18
(Jim: What is a mustache?)
...
(Alex: They help staunch the bleeding if they happen to cut you.)

bleeding

Jim
Triple Stumper
    $600 13
California

Keith
    $600 9
Paul Revere

Keith
    $600 4
Finding Nemo

Ken
    $600 28
organ

Keith
    $3,000 23
optometrist

Ken
    $800 19
(hair) tonic

Ken
    $800 14
Hannibal

Keith
    $800 10
Montgomery, Alabama

Keith
    $800 5
The Lord of the Rings: The Fellowship of the Ring

Ken
    $800 29
Brandenburg

Ken
    $800 24
(Alex: Less than a minute to go now, Ken.)

throttle

Triple Stumper
    $1000 21
barber pole

Jim
    $1000 15
currants

Jim
    $1000 11
Ethan Allen

Keith
    $1000 6
Hulk

Jim
    $1000 30
Dr. Albert Schweitzer

Triple Stumper
    $1000 25
librettist

Ken

Scores at the first commercial break (after clue 15):

Keith Jim Ken
$4,600 $2,800 $1,600

Scores at the end of the Jeopardy! Round:

Keith Jim Ken
$6,000 $3,400 $7,600

Double Jeopardy! Round responses

BERBER COLLAGE
(Alex: Not "Barber College".)
FEMALE ATHLETES
ASIA
AMERICAN POSTAL ABBREVIATIONS
CLIFFS NOTES
STARTS WITH "R"
    $400 26
(Ken: What is Christianity?)
(Keith: What is Judaism?)

Islam

KeithKen
Triple Stumper
    $400 1
swimming

Jim
    $400 4
Mahatma Gandhi

Keith
    $400 9
Mississippi

Jim
    $400 21
Jude the Obscure

Ken
    $400 16
(Jim: What is rustle?)

rustling

Jim
    $800 27
(Keith: What is Libya?)
(Ken: What is Tunisia?)

Morocco

KeithKen
Triple Stumper
    $800 2
Martina Navratilova

Keith
    $800 5
the Yangtze

Keith
    $800 10
(Ken: What is...)
[The time expiry signal sounds.]
(Ken: [*]?)

Arkansas

KeithKen
    $800 22
Tess of the d'Urbervilles

Keith
    $800 17
Romaine

Jim
    $1,600 28
(Keith: What is Barbaria?)
[Initially ruled incorrect; reversed before Final Jeopardy! after further research]

the Barbary Coast

Keith
    $1200 3
(Keith: Who is Jackie Joyner-Kersee?)

Marion Jones

Keith
Triple Stumper
    $1200 6
Japan

Ken
    $1200 11
Alabama

Ken
    $1200 23
The Return of the Native

Triple Stumper
    $1200 18
reflecting pool

Ken
    $1600 29
ferrets

Ken
    $1600 14
Chamique Holdsclaw

Keith
    $1600 7
Oman

Keith
    $1600 12
Puerto Rico

Keith
    $1,200 24
(Keith: What is Far from the Maddening Crowd?)

The Mayor of Casterbridge

Keith
    $1600 19
Reykjavik

Jim
    $2000 30
(Alex: The mother was St. Monica & her son was [*].)

St. Augustine

Triple Stumper
    $2000 15
Se Ri Pak

Keith
    $2000 8
Lamaism

Triple Stumper
    $2000 13
American Samoa

Jim
    $2000 25
Far from the Madding Crowd

Triple Stumper
    $2000 20
rubella

Keith

Scores at the end of the Double Jeopardy! Round:

Keith Jim Ken
$16,400 $9,000 $11,200

[wagering suggestions for these scores]

Final Jeopardy! Round responses

REFERENCE BOOKS
(Jim: I was having trouble with the electric pen, so I had to write my response on the card.)
JimWhat is curriculum
$9,000
KenWhat is thesaurus
$6,801
KeithWhat is encyclopedia?
$6,001
encyclopedia

Final scores:

Keith Jim Ken
$22,401 $0 $4,399
Finalist 3rd place: $5,000 2nd place: $5,000

Game dynamics:

Coryat scores:

Keith Jim Ken
$17,200 $9,000 $8,800
22 R
(including 1 DD),
4 W
(including 1 DD)
12 R,
1 W
15 R
(including 1 DD),
4 W

Combined Coryat: $35,000

The J! Archive is created by fans, for fans. The Jeopardy! game show and all elements thereof, including but not limited to copyright and trademark thereto, are the property of Jeopardy Productions, Inc. and are protected under law. This website is not affiliated with, sponsored by, or operated by Jeopardy Productions, Inc. Join the discussion at JBoard.tv.